000 00367nam a22001457a 4500
005 20160125101807.0
008 160125b xxu||||| |||| 00| 0 eng d
040 _cPK-LaUMT
082 _aAMC 959
_bBRI-S
100 _aBrian crozier
245 _aSouth-East asia in turmoil
_cBrian crozier
260 _aLondon
_bPenguin books
_c1965
300 _a205 p.
942 _cBK
999 _c82172
_d82172